Theophilus Presbyter und die mittelalterliche Goldschmiedekunst /

Uložené v:
Podrobná bibliografia
Hlavný autor: Brepohl, Erhard
Médium: Kniha
Jazyk:German
Vydané: Leipzig : Edition, 1987.
Vydanie:1. Aufl.
ISBN: (viaz.)
Fyzický popis: 311 s.
Tagy: Pridať tag
Žiadne tagy, Buďte prvý kto otaguje tento záznam!

MARC

LEADER 00000nam a22000004a 4500
001 000325521
005 20080723082659.0
008 080723s1987 gw e 000 0 ger d
020 |a (viaz.) 
040 |a SVKKK  |b slo  |c SVKKK  |e AACR2 
041 0 |a ger 
044 |a gw  |c DE 
100 1 |a Brepohl, Erhard 
245 1 0 |a Theophilus Presbyter und die mittelalterliche Goldschmiedekunst /  |c Erhard Brepohl. 
250 |a 1. Aufl. 
260 |a Leipzig :  |b Edition,  |c 1987. 
300 |a 311 s. 
910 |a svkkk 
998 |a BK 
090 |g SCKHL  |k Sklad Pribinova 3. posch.  |a V.162646  |j 766260  |i 2720941334  |s Absenčne